|
|
|
|
| LEADER |
00000nam a2200000 a 4500 |
| 001 |
vtls001329065 |
| 003 |
SK-MaSNL |
| 005 |
20260301235641.0 |
| 008 |
240313s1998 xo ap r yy slo |
| 015 |
|
|
|a SNBA1998/09-03070
|
| 020 |
|
|
|a 8088859166
|
| 035 |
|
|
|a SNK000281902
|
| 035 |
|
|
|a urn:nbn:sk:snk-amkhmz
|
| 035 |
|
|
|a urn:nbn:sk:snk-am003oee
|
| 035 |
|
|
|a DFE694D9-682D-41DE-818E-A513183A557B
|
| 040 |
|
|
|a SNK
|b slo
|c SNK
|e AACR2
|
| 041 |
0 |
|
|a slo
|
| 044 |
|
|
|a xo
|c SK
|
| 080 |
|
|
|a 061.1(4):339.92
|2 1981
|
| 100 |
1 |
|
|a Hoffmanová, Viera,
|d 1947-
|4 aut
|9 207231
|
| 245 |
1 |
0 |
|a Ja a Európa
|b príručka pre žiakov stredných škôl
|c Viera Hoffmanová
|
| 250 |
|
|
|a 2. preprac. a dopl. vyd.
|
| 260 |
|
|
|a Bratislava
|b Podnik výpočtovej techniky
|c 1998
|
| 300 |
|
|
|a 37 s.
|b sch., tab.
|c 21 cm
|
| 500 |
|
|
|a 250 výt.
|
| 504 |
|
|
|a Bibliogr. s. 36
|
| 610 |
2 |
7 |
|a Európska únia
|2 SNK
|9 29861
|
| 655 |
|
7 |
|a príručky
|2 SNK
|9 74364
|
| 919 |
|
|
|a 80-88859-16-6
|
| 958 |
|
|
|a OND
|
| 958 |
|
|
|a TL
|
| 958 |
|
|
|a NB
|
| 958 |
|
|
|a BQ
|
| 999 |
|
|
|c 976018
|d 977948
|
| 952 |
|
|
|t P60, <09>, [BOOK], {629}
|a SNK
|b SNK
|y NEVYP
|7 0
|o snkC 441
|i snk813/980429
|0 0
|1 0
|4 0
|d 1998-04-29
|l 0
|r 2005-01-02 00:00:00
|w 2026-02-24
|
| 952 |
|
|
|t P60, <03>, [BOOK], {603}
|a SNK
|b SNK
|y PREZ
|7 0
|p 17A0134059
|o snkSC 95635
|i snkKSP 4735/98
|0 0
|1 0
|4 0
|d 1998-04-29
|f 1
|l 0
|r 2025-09-12 00:00:00
|w 2026-02-24
|
| 952 |
|
|
|t P60, <04>, [BOOK], {604}
|a SNK
|b SNK
|y VYP
|7 0
|p 17A0134053
|o snkSC 95635 D1
|i snkKSP 4736/98
|0 0
|1 0
|4 0
|d 1998-04-29
|l 0
|r 2005-01-02 00:00:00
|w 2026-02-24
|